000
00338nam a2200133Ia 4500
008
221030s9999 xx 000 0 und d
041
_a
English
100
_a
W. M. Newman
245
0
_a
Prinicples of Interactive Compiler Graphics
_c
by W. M. Newman, R. F. Sproull
260
_c
0
650
_a
B
700
_a
R. F. Sproull
942
_c
BK
999
_c
14707
_d
14707